| 000 | 00440nam a2200157 4500 | ||
|---|---|---|---|
| 001 | 137735 | ||
| 003 | ES-MaACL | ||
| 005 | 20230906195430.0 | ||
| 007 | t| | ||
| 008 | 070214s1968 sp r ||||1| spa d | ||
| 100 | 1 |
_aSalguero, José. _9101912 |
|
| 245 | 1 | 3 |
_aLa Biblia, diálogo de Dios con el hombre / _cJosé Salguero, O. P. |
| 260 |
_aMadrid : _bStudium, _c1968. |
||
| 300 |
_a590 p. ; _c21 cm. |
||
| 852 |
_aES-MaACL _jG-7357 _bR.65516 |
||
| 999 |
_c137735 _d137735 |
||